| 000 | 00662nam a22001937a 4500 | ||
|---|---|---|---|
| 005 | 20241009110045.0 | ||
| 010 | _aENG-141988 | ||
| 020 |
_c3600.00 _a9788190612173 |
||
| 035 | _aEN-125520 | ||
| 037 | _bDBAD | ||
| 082 | _a954.504 | ||
| 100 |
_aBera, Tilak _972491 |
||
| 245 | 0 | 0 |
_aExploring Northeast: _bThe Seven Pristine Pearls of India/ _cBy Tilak Ranjan Bera |
| 250 | _a1 | ||
| 260 |
_bWoodland Publishers _aKolkata _c2016 |
||
| 270 |
_bKolkata _e700026 _a28/10 B, Nakuleswar Bhattacharya Lane _mwoodlandpublishers@hotmail.com _k+91-8582847459 _k+91-8777274087 |
||
| 300 |
_a333p.; _c29cm(hbk) _bill.col. |
||
| 942 |
_2ddc _cEN _mBER _h954.504 |
||
| 999 |
_c206185 _d206185 |
||